[Event "Hand by hand (mano a mano)"]
[Site "SchemingMind.com"]
[Date "2006.03.22"]
[Round "-"]
[White "PackoJones1000"]
[Black "Magnanimous"]
[Result "1-0"]
[WhiteCountry "ESP"]
[BlackCountry "CAN"]
[WhiteElo "2048"]
[WhiteRD "98"]
[BlackElo "1394"]
[BlackRD "91"]
[GameID "43556"]

1. e4 c5 2. Nf3 d6 3. d4 cxd4 4. Nxd4 g6 5. Nc3 Bg7 6. Be3 Nf6 7. f3 b6 8. Qd2 O-O 9. O-O-O Ba6 10. Bxa6 Nxa6
11. Bh6 Nc5 12. h4 Re8 13. Bxg7 Kxg7 14. h5 Nxh5 15. g4 Nf6 16. Qh6+ Kg8 17. g5 Nh5 18. Rxh5 gxh5 19. Nf5 Ne6 20. Rh1 f6
21. g6 hxg6 22. Qxg6+ Kf8 23. Rxh5 b5 24. Rh8#
1-0

[Event "Hand by hand (mano a mano)"]
[Site "SchemingMind.com"]
[Date "2006.03.22"]
[Round "-"]
[White "BogusAurelius"]
[Black "Magnanimous"]
[Result "1-0"]
[WhiteCountry "USA"]
[BlackCountry "CAN"]
[WhiteElo "1942"]
[WhiteRD "101"]
[BlackElo "1394"]
[BlackRD "91"]
[GameID "43557"]

1. e4 c5 2. Nf3 d6 3. d4 cxd4 4. Nxd4 g6 5. c4 Bg7 6. Be3 Nf6 7. f3 O-O 8. Nc3 Re8 9. Qd2 Nc6 10. Be2 Nxd4
11. Bxd4 b6 12. O-O Ba6 13. b3 Rc8 14. Rac1 Rc6 15. Rfd1 Qd7 16. Qb2 Rec8 17. Qa3 Bb7 18. b4 d5 19. exd5 Nxd5 20. Bxg7 Kxg7
21. cxd5 Rf6 22. Qb2 Kg8 23. Ne4 Rf5 24. Rxc8+ Qxc8 25. d6 exd6 26. Nxd6 Qe6 27. Nxf5 Qxf5 28. Rd8#
1-0

[Event "Hand by hand (mano a mano)"]
[Site "SchemingMind.com"]
[Date "2006.03.22"]
[Round "-"]
[White "MatdeInverses"]
[Black "Magnanimous"]
[Result "1-0"]
[WhiteCountry "USA"]
[BlackCountry "CAN"]
[WhiteElo "1882"]
[WhiteRD "79"]
[BlackElo "1394"]
[BlackRD "91"]
[GameID "43558"]

1. c4 Nf6 2. g3 e5 3. Bg2 Bc5 4. e3 O-O 5. Ne2 d5 6. cxd5 Nxd5 7. O-O Bg4 8. Nbc3 Nxc3 9. bxc3 Qd3 10. Re1 c6
11. f3 Bf5 12. Kh1 Rd8 13. Qb3 b5 14. a4 Nd7 15. axb5 cxb5 16. e4 Bf2 17. Rf1 Qxe2 18. exf5 a5 19. d4 exd4 20. Bg5 Nc5
21. Qa3 f6 22. Qxc5 fxg5 23. f4 Rab8 24. fxg5 a4 25. f6 gxf6 26. gxf6 Kh8 27. f7 Kg7 28. Qg5+ Kf8 29. Qf6 dxc3 30. Rxf2 Rd1+
31. Rxd1 Qxd1+ 32. Rf1 Qd8 33. Qh8+ Ke7 34. Qxh7 Kf8 35. Qg8+ Ke7 36. Qg7 Qf8 37. Qe5+ Kd7 38. Rd1+ Qd6 39. Qxd6+ Kc8 40. Qd7#
1-0

[Event "Hand by hand (mano a mano)"]
[Site "SchemingMind.com"]
[Date "2006.03.22"]
[Round "-"]
[White "iain"]
[Black "Magnanimous"]
[Result "0-1"]
[WhiteCountry "USA"]
[BlackCountry "CAN"]
[WhiteElo "1280"]
[WhiteRD "106"]
[BlackElo "1417"]
[BlackRD "90"]
[GameID "43581"]

1. e4 c5 2. Nf3 d6 3. d4 cxd4 4. Nxd4 g6 5. c3 Bg7 6. Bd3 Nf6 7. O-O d5 8. Re1 dxe4 9. Bxe4 Nxe4 10. Rxe4 Nc6
11. Qe2 O-O 12. Nxc6 bxc6 13. Bf4 Ba6 14. Qe3 Bd3 15. Rxe7 Bf6 16. Rxa7 Rxa7 17. Qxa7 Ba6 18. Nd2 Bc8 19. Ne4 Bh8 20. Ng5 h6
21. Ne4 Be6 22. Bd6 Re8 23. Rd1 Qh4 24. f3 Bd5 25. Bg3 Qh5 26. Nd6 Re2 27. Qb8+ Kh7 28. c4 Rxg2+ 29. Kxg2 Qxf3+ 30. Kh3 Be6+
31. Nf5 Bxf5+ 32. Kh4 g5#
0-1

[Event "Hand by hand (mano a mano)"]
[Site "SchemingMind.com"]
[Date "2006.03.22"]
[Round "-"]
[White "iain"]
[Black "dvaldez"]
[Result "0-1"]
[WhiteCountry "USA"]
[BlackCountry "CAN"]
[WhiteElo "1230"]
[WhiteRD "76"]
[BlackElo "1880"]
[BlackRD "86"]
[GameID "43582"]

1. d4 Nf6 2. c4 c5 3. dxc5 e6 4. b4 a5 5. b5 Bxc5 6. e3 O-O 7. Nf3 d5 8. cxd5 Bb4+ 9. Bd2 Bxd2+ 10. Nbxd2 Nxd5
11. Qb3 Qf6 12. Rc1 Nd7 13. Be2 b6 14. O-O Nc5 15. Qb1 Nc3 16. Rxc3 Qxc3 17. Nc4 Nd7 18. Ng5 g6 19. Nd6 Qe5 20. Ndxf7 Rxf7
21. Nxf7 Kxf7 22. a4 Bb7 23. Qd3 Nc5 24. Qc4 Rd8 25. Bg4 Qe4 26. Qxe4 Bxe4 27. f3 Bf5 28. e4 Bxg4 29. fxg4+ Ke7 30. e5 Rd4
31. g5 Rxa4
0-1

[Event "Hand by hand (mano a mano)"]
[Site "SchemingMind.com"]
[Date "2006.03.22"]
[Round "-"]
[White "iain"]
[Black "griffimv"]
[Result "0-1"]
[WhiteCountry "USA"]
[BlackCountry "INT"]
[WhiteElo "1280"]
[WhiteRD "106"]
[BlackElo "2064"]
[BlackRD "87"]
[GameID "43583"]

1. d4 Nf6 2. c4 g6 3. Nf3 Bg7 4. Nc3 d5 5. e3 O-O 6. Bd3 c6 7. O-O Bg4 8. cxd5 cxd5 9. Be2 Nc6 10. Ne5 Nxe5
11. dxe5 Bxe2 12. Nxe2 Ne4 13. f4 e6 14. Nd4 Qb6 15. g4 Rfc8 16. b3 Rc7 17. Kg2 Rac8 18. Bb2 Qb4 19. Kf3 Nd2+ 20. Kg2 Nxf1
21. Qxf1 Rc2+ 22. Nxc2 Rxc2+ 23. Kf3 Qe4+ 24. Kg3 Qxe3+ 25. Kh4 Rxh2+ 26. Kg5 h6#
0-1

[Event "Hand by hand (mano a mano)"]
[Site "SchemingMind.com"]
[Date "2006.03.22"]
[Round "-"]
[White "iain"]
[Black "PackoJones1000"]
[Result "0-1"]
[WhiteCountry "USA"]
[BlackCountry "ESP"]
[WhiteElo "1326"]
[WhiteRD "126"]
[BlackElo "2048"]
[BlackRD "98"]
[GameID "43584"]

1. e4 e5 2. Nf3 Nc6 3. Bb5 a6 4. Ba4 Nf6 5. O-O b5 6. Bb3 Be7 7. Ng5 O-O 8. Bxf7+ Rxf7 9. Nxf7 Kxf7 10. d3 Kg8
11. c3 d5 12. exd5 Qxd5 13. b3 Bb7 14. c4 Qd4 15. cxb5 axb5 16. Nc3 Qxc3 17. Bg5 Qc5 18. Rc1 Qd5 19. Qe2 Nd4 20. f3 Nxe2+
21. Kf2 Rxa2 22. Rxc7 Qd4+ 23. Be3 Qh4+ 24. g3 Nc3+ 25. Kg1 Qxh2#
0-1

[Event "Hand by hand (mano a mano)"]
[Site "SchemingMind.com"]
[Date "2006.03.22"]
[Round "-"]
[White "iain"]
[Black "BogusAurelius"]
[Result "0-1"]
[WhiteCountry "USA"]
[BlackCountry "USA"]
[WhiteElo "1326"]
[WhiteRD "126"]
[BlackElo "1942"]
[BlackRD "101"]
[GameID "43585"]

1. d4 Nf6 2. c4 e6 3. Nc3 Bb4 4. Bd2 b6 5. Nf3 O-O 6. e3 d5 7. Qb3 Be7 8. Ne5 c5 9. Bd3 Bb7 10. O-O-O Nc6
11. cxd5 exd5 12. Nxc6 Bxc6 13. dxc5 bxc5 14. Qc2 a5 15. h4 a4 16. Rdg1 a3 17. b3 c4 18. bxc4 Rb8 19. g4 Rb2 20. Qd1 Qb8
21. g5 Rb1+ 22. Bxb1 Qb2#
0-1

[Event "Hand by hand (mano a mano)"]
[Site "SchemingMind.com"]
[Date "2006.03.22"]
[Round "-"]
[White "iain"]
[Black "MatdeInverses"]
[Result "0-1"]
[WhiteCountry "USA"]
[BlackCountry "USA"]
[WhiteElo "1326"]
[WhiteRD "126"]
[BlackElo "1882"]
[BlackRD "79"]
[GameID "43586"]

1. e4 c5 2. Nf3 Nc6 3. Bb5 e6 4. O-O Nge7 5. Re1 a6 6. Ba4 b5 7. Bb3 c4 8. Bxc4 bxc4 9. c3 d5 10. e5 Ng6
11. d4 cxd3 12. Qxd3 Bc5 13. b4 Ba7 14. Bg5 Qc7 15. Nbd2 Ngxe5 16. Nxe5 Nxe5 17. Qe2 Ng6 18. a4 Bb8 19. Qd3 Qxh2+ 20. Kf1 Qh1+
21. Ke2 Qxg2 22. Nf3 Qg4 23. Rg1 Qe4+ 24. Qxe4 dxe4 25. Nd4 O-O 26. Nc6 Bd7 27. Ne7+ Nxe7 28. Bxe7 Be5 29. Bxf8 Kxf8 30. Ra3 Rc8
31. Rd1 Ke7 32. f3 exf3+ 33. Kxf3 Rxc3+ 34. Rxc3 Bxc3
0-1

[Event "Hand by hand (mano a mano)"]
[Site "SchemingMind.com"]
[Date "2006.03.22"]
[Round "-"]
[White "Magnanimous"]
[Black "iain"]
[Result "1-0"]
[WhiteCountry "CAN"]
[BlackCountry "USA"]
[WhiteElo "1417"]
[WhiteRD "90"]
[BlackElo "1280"]
[BlackRD "106"]
[GameID "43587"]

1. d4 e6 2. c4 Nf6 3. Nc3 g6 4. e3 Bg7 5. Bd3 O-O 6. Nf3 d5 7. c5 c6 8. O-O b6 9. cxb6 axb6 10. b4 Qe7
11. Rb1 Ba6 12. b5 Bxb5 13. Nxb5 cxb5 14. Rxb5 Rxa2 15. Rxb6 Ne4 16. Bb2 Nd6 17. Bb1 Ra6 18. Rxa6 Nxa6 19. Bd3 Nb4 20. Ba3 Nxd3
21. Bxd6 Qxd6 22. Qxd3 e5 23. dxe5 Bxe5 24. e4 dxe4 25. Qxe4 Re8 26. Re1 f6 27. g3 f5 28. Qc4+ Kg7 29. Ng5 Qd2 30. Qf7+ Kh6
31. Qxh7+ Kxg5 32. Qh4#
1-0

[Event "Hand by hand (mano a mano)"]
[Site "SchemingMind.com"]
[Date "2006.03.22"]
[Round "-"]
[White "dvaldez"]
[Black "iain"]
[Result "1-0"]
[WhiteCountry "CAN"]
[BlackCountry "USA"]
[WhiteElo "1770"]
[WhiteRD "83"]
[BlackElo "1400"]
[BlackRD "54"]
[GameID "43588"]

1. e4 e6 2. d4 g6 3. Nc3 Bg7 4. Nf3 Nf6 5. e5 Nd5 6. Nxd5 exd5 7. Bg5 f6 8. exf6 Bxf6 9. Qe2+ Kf7 10. Ne5+ Kg7
11. Bxf6+ Qxf6 12. O-O-O Re8 13. Qd2 d6 14. Nf3 Nc6 15. Bb5 Bd7 16. Rhe1 a6 17. Be2 b5 18. Qg5 Qxg5+ 19. Nxg5 h6 20. Nf3 g5
21. h3 g4 22. hxg4 Bxg4 23. c3 b4 24. Ng1 Bxe2 25. Nxe2 bxc3 26. bxc3 Na5 27. Nf4 Nc4 28. Ne6+ Kf6 29. Nxc7 Rxe1 30. Rxe1 a5
31. Nxd5+ Kf5 32. Re7 Rb8 33. f3 Rb5 34. g4+ Kg5 35. Rg7+ Kh4 36. Ne7 Ne3 37. Kd2 Nc4+ 38. Kd3 d5 39. Nf5+ Kh3 40. Rd7 Nb2+
41. Kc2 a4 42. Ne3 a3 43. Nxd5 Nc4 44. Nb4 Ne3+ 45. Kd3 Nxg4 46. fxg4 h5 47. gxh5 Rxh5 48. d5 Kg4 49. Ke4 Kg5 50. Rf7 Kg6
51. Rf2 Rh3 52. Kd4 Rh4+ 53. Kc5
1-0

[Event "Hand by hand (mano a mano)"]
[Site "SchemingMind.com"]
[Date "2006.03.23"]
[Round "-"]
[White "griffimv"]
[Black "iain"]
[Result "1-0"]
[WhiteCountry "INT"]
[BlackCountry "USA"]
[WhiteElo "2064"]
[WhiteRD "87"]
[BlackElo "1280"]
[BlackRD "106"]
[GameID "43589"]

1. e4 d6 2. d4 Nf6 3. Nc3 g6 4. Be3 Bg7 5. Qd2 O-O 6. Nf3 b6 7. Bh6 c5 8. d5 e6 9. Bxg7 Kxg7 10. dxe6 Bxe6
11. O-O-O Nc6 12. Qxd6 Qxd6 13. Rxd6 Nb4 14. Ng5 Bxa2 15. Rxf6 h6 16. Rd6 hxg5 17. Nxa2 Nxa2+ 18. Kb1 Nb4 19. c3 Na6 20. Bxa6 Kh6
21. Rhd1 Rfe8 22. Bb7 Rab8 23. Rd7 f5 24. exf5 gxf5 25. R1d6+ Kh5 26. Bf3+ g4 27. Rh7+ Kg5 28. g3 gxf3 29. Rg7+ Kh5 30. h4 Rh8
31. Rg5#
1-0

[Event "Hand by hand (mano a mano)"]
[Site "SchemingMind.com"]
[Date "2006.03.22"]
[Round "-"]
[White "PackoJones1000"]
[Black "iain"]
[Result "1-0"]
[WhiteCountry "ESP"]
[BlackCountry "USA"]
[WhiteElo "2048"]
[WhiteRD "98"]
[BlackElo "1326"]
[BlackRD "126"]
[GameID "43590"]

1. e4 c5 2. Nf3 Nc6 3. d4 cxd4 4. Nxd4 e5 5. Nb5 a6 6. Nd6+ Bxd6 7. Qxd6 Qe7 8. Qd1 Nf6 9. Nc3 O-O 10. Bg5 d6
11. Nd5 Qd8 12. Bxf6 gxf6 13. Qh5 Kh8 14. Qh6 Qa5+ 15. b4 Qd8 16. Nxf6 Qxf6 17. Qxf6+ Kg8 18. O-O-O Nxb4 19. Rxd6 Nxa2+ 20. Kb2 Be6
21. Qg5+ Kh8 22. Rxe6 fxe6 23. Qxe5+ Kg8 24. Bc4 Nb4 25. Bxe6+
1-0

[Event "Hand by hand (mano a mano)"]
[Site "SchemingMind.com"]
[Date "2006.03.22"]
[Round "-"]
[White "BogusAurelius"]
[Black "iain"]
[Result "1-0"]
[WhiteCountry "USA"]
[BlackCountry "USA"]
[WhiteElo "1942"]
[WhiteRD "101"]
[BlackElo "1326"]
[BlackRD "126"]
[GameID "43591"]

1. e4 c5 2. Nf3 Nc6 3. d4 cxd4 4. Nxd4 e5 5. Nb5 Nf6 6. Bg5 a6 7. Nd6+ Bxd6 8. Qxd6 Qe7 9. Qxe7+ Kxe7 10. Nc3 Re8
11. Nd5+ Ke6 12. Bxf6 gxf6 13. Nc7+ Ke7 14. Nxa8 Nd4 15. O-O-O b5 16. Nc7 Rg8 17. Nd5+ Ke6 18. Ne3 Bb7 19. Bd3 d5 20. f3 dxe4
21. fxe4 Rd8 22. c3 Nc6 23. Rhf1 Ne7 24. Bc4+
1-0

[Event "Hand by hand (mano a mano)"]
[Site "SchemingMind.com"]
[Date "2006.03.22"]
[Round "-"]
[White "MatdeInverses"]
[Black "iain"]
[Result "1-0"]
[WhiteCountry "USA"]
[BlackCountry "USA"]
[WhiteElo "1882"]
[WhiteRD "79"]
[BlackElo "1326"]
[BlackRD "126"]
[GameID "43592"]

1. c4 e6 2. g3 Nf6 3. Bg2 g6 4. Nc3 Bg7 5. d4 O-O 6. Nf3 d6 7. O-O c5 8. Bg5 cxd4 9. Nxd4 e5 10. Ndb5 h6
11. Bxf6 Bxf6 12. Qxd6 Nc6 13. Rad1 Be6 14. Nd5 Nd4 15. Rfe1 Nxb5 16. Nxf6+ Qxf6 17. cxb5 Rfd8 18. Qa3 a6 19. Bxb7 Rxd1 20. Rxd1 Rd8
21. Rxd8+ Qxd8 22. bxa6 Qd1+ 23. Kg2 Qxe2 24. a7 Kg7 25. a8=Q Bh3+ 26. Kxh3 Qf1+ 27. Bg2 Qxf2 28. Q8f8+ Kf6 29. Qad6+ Kf5 30. Qxf7+
1-0

[Event "Hand by hand (mano a mano)"]
[Site "SchemingMind.com"]
[Date "2006.03.24"]
[Round "-"]
[White "gz4bkn"]
[Black "Magnanimous"]
[Result "0-1"]
[WhiteCountry "USA"]
[BlackCountry "CAN"]
[WhiteElo "1304"]
[WhiteRD "81"]
[BlackElo "1425"]
[BlackRD "89"]
[GameID "43896"]

1. e4 c5 2. Nf3 d6 3. d4 cxd4 4. Nxd4 Nf6 5. Nc3 g6 6. Bg5 Bg7 7. Bc4 Nc6 8. Nd5 Nxd5 9. Bxd5 Nxd4 10. c3 Nb5
11. Qb3 a6 12. Bxf7+ Kf8 13. Bd5 Nc7 14. O-O Nxd5 15. exd5 Kf7 16. c4 Rf8 17. Rfe1 Be5 18. Bh6 Re8 19. Qf3+ Kg8 20. Re2 b5
21. Rc1 Qc7 22. cxb5 Qb6 23. a4 Qa5 24. Rc4 axb5 25. Rh4 Bf6 26. Rhe4 bxa4 27. Rxe7 Bxe7 28. Rxe7 Qe1+ 29. Rxe1 Rxe1#
0-1

[Event "Hand by hand (mano a mano)"]
[Site "SchemingMind.com"]
[Date "2006.03.24"]
[Round "-"]
[White "gz4bkn"]
[Black "dvaldez"]
[Result "1-0"]
[WhiteCountry "USA"]
[BlackCountry "CAN"]
[WhiteElo "1429"]
[WhiteRD "76"]
[BlackElo "1806"]
[BlackRD "83"]
[GameID "43897"]

1. e4 c5 2. Nf3 Nc6 3. Bb5 g6 4. c3 Bg7 5. d4 Qa5 6. Be2 cxd4 7. O-O dxc3 8. bxc3 Nf6 9. Qc2 O-O 10. Bb2 d6
11. Nfd2 Bg4 12. Nb3 Qa4 13. f3 Be6 14. Rd1 Rac8 15. c4 Nb4 16. Qd2 Na6 17. Nc3 Qd7 18. Qd4 b6 19. Nd5 Bxd5 20. cxd5 Nc5
21. a4 Nxb3 22. Qb4 Nxa1 23. Bxa1 Rc2 24. Bd3 Rc5 25. Bb5 Qc7 26. Bb2 Rc2 27. g4 a5 28. Ba3 axb4 29. Bxb4 Rb2 30. Be1 Qc5+
31. Kh1
1-0

[Event "Hand by hand (mano a mano)"]
[Site "SchemingMind.com"]
[Date "2006.03.24"]
[Round "-"]
[White "gz4bkn"]
[Black "griffimv"]
[Result "0-1"]
[WhiteCountry "USA"]
[BlackCountry "INT"]
[WhiteElo "1304"]
[WhiteRD "81"]
[BlackElo "2070"]
[BlackRD "81"]
[GameID "43898"]

1. e4 c5 2. Nf3 d6 3. d4 cxd4 4. Nxd4 Nf6 5. Nc3 a6 6. Bc4 e6 7. Bg5 Be7 8. O-O b5 9. Bb3 O-O 10. Qf3 Bb7
11. a4 b4 12. Na2 Nxe4 13. Be3 a5 14. Qd1 Bg5 15. Re1 Bxe3 16. Rxe3 Qh4 17. Qe2 Nc5 18. Nb5 Ra6 19. Nc1 Nbd7 20. Nd3 Nxb3
21. cxb3 Rc8 22. Rc1 Rxc1+ 23. Nxc1 Nc5 24. Nc7 Rc6 25. g3 Qh3 26. g4 Na6 27. Rxh3 Rxc1+
0-1

[Event "Hand by hand (mano a mano)"]
[Site "SchemingMind.com"]
[Date "2006.03.24"]
[Round "-"]
[White "gz4bkn"]
[Black "iain"]
[Result "0-1"]
[WhiteCountry "USA"]
[BlackCountry "USA"]
[WhiteElo "1265"]
[WhiteRD "111"]
[BlackElo "1280"]
[BlackRD "106"]
[GameID "43899"]

1. e4 d6 2. d4 Nf6 3. Bd3 g6 4. Nf3 Bg7 5. O-O O-O 6. Re1 Bg4 7. c3 e5 8. h3 Bxf3 9. Qxf3 Qd7 10. d5 c6
11. c4 cxd5 12. cxd5 Nh5 13. Nc3 a6 14. b4 b5 15. a4 Nf4 16. axb5 Nxd3 17. Qxd3 Qb7 18. Bb2 Qb6 19. Bc1 f5 20. Be3 Qb7
21. b6 fxe4 22. Qc4 Nd7 23. Na4 a5 24. Rab1 axb4 25. Rxb4 Nf6 26. Nc3 Rfc8 27. Qb5 Rxc3 28. Rc4 Rca3 29. Rc7 Qxd5 30. Qc6 Qxc6
31. Rxc6 Ra1 32. Kf1 Bf8 33. b7 Rxe1+ 34. Kxe1 Rb8 35. Ba7 Rxb7 36. Ke2 Rxa7
0-1

[Event "Hand by hand (mano a mano)"]
[Site "SchemingMind.com"]
[Date "2006.03.24"]
[Round "-"]
[White "gz4bkn"]
[Black "PackoJones1000"]
[Result "0-1"]
[WhiteCountry "USA"]
[BlackCountry "ESP"]
[WhiteElo "1332"]
[WhiteRD "121"]
[BlackElo "2048"]
[BlackRD "98"]
[GameID "43900"]

1. e4 e5 2. Nf3 Nc6 3. Bb5 a6 4. Bxc6 dxc6 5. O-O Bg4 6. h3 h5 7. c3 Qd3 8. Re1 Bxf3 9. Qxf3 Qxf3 10. gxf3 O-O-O
11. b4 Ne7 12. Bb2 Ng6 13. d4 exd4 14. cxd4 Bxb4 15. Rd1 Nf4 16. h4 Be7
0-1

[Event "Hand by hand (mano a mano)"]
[Site "SchemingMind.com"]
[Date "2006.03.24"]
[Round "-"]
[White "gz4bkn"]
[Black "BogusAurelius"]
[Result "0-1"]
[WhiteCountry "USA"]
[BlackCountry "USA"]
[WhiteElo "1265"]
[WhiteRD "111"]
[BlackElo "1921"]
[BlackRD "78"]
[GameID "43901"]

1. e4 c5 2. Nf3 d6 3. d4 cxd4 4. Nxd4 Nf6 5. Nc3 e6 6. Bb5+ Nbd7 7. Qf3 a6 8. Bxd7+ Bxd7 9. O-O Qc7 10. Nde2 Bc6
11. Bg5 Be7 12. Nd4 h6 13. Nxc6 Qxc6 14. Bf4 g5 15. Bg3 e5 16. Nd5 Nxd5 17. exd5 Qd7 18. c4 h5 19. h3 g4 20. Qe3 gxh3
21. Bxe5 dxe5 22. Qxe5 Qg4 23. g3 Qf3 24. Qxh8+ Kd7 25. Qxa8 Qg2#
0-1

[Event "Hand by hand (mano a mano)"]
[Site "SchemingMind.com"]
[Date "2006.03.24"]
[Round "-"]
[White "gz4bkn"]
[Black "MatdeInverses"]
[Result "0-1"]
[WhiteCountry "USA"]
[BlackCountry "USA"]
[WhiteElo "1265"]
[WhiteRD "111"]
[BlackElo "1898"]
[BlackRD "52"]
[GameID "43902"]

1. e4 c5 2. c3 Nf6 3. d3 d5 4. Be3 dxe4 5. Bxc5 Bg4 6. f3 exf3 7. Nxf3 Qd5 8. Ba3 Bxf3 9. Qxf3 Qxf3 10. gxf3 Nc6
11. Nd2 O-O-O 12. O-O-O e6 13. Nc4 Bxa3 14. Nxa3 Ne5 15. Be2 Nd5 16. Nb5 Nf4 17. Rhe1 Nexd3+ 18. Bxd3 Nxd3+ 19. Kb1 Nxe1 20. Rxe1 a6
21. Nd4 Rd5 22. Kc2 Rhd8 23. a3 Rxd4 24. cxd4 Rxd4 25. Kc3 Rh4 26. Re2 Rh3 27. Rf2 Kd7 28. Kd4 Kd6 29. b4 f5 30. a4 e5+
31. Kc4 Rh4+ 32. Kc3 b5 33. Rd2+ Ke6 34. axb5 axb5 35. Ra2 Rh3 36. Rf2 e4 37. Kd4 Rxf3 38. Rxf3 exf3 39. Ke3 Kd5 40. Kxf3 Kc4
41. Kf4 g6 42. Kg5 Kxb4 43. h4 Kc4 44. Kh6 f4 45. Kxh7 f3 46. Kxg6 f2 47. h5 f1=Q 48. h6 Qd3+ 49. Kg7 Qd7+ 50. Kg6 Qg4+
51. Kh7 Kd5 52. Kh8 Qd7 53. Kg8 Ke6 54. h7 Qe8+ 55. Kg7 Qf7+ 56. Kh8 Qf8#
0-1

[Event "Hand by hand (mano a mano)"]
[Site "SchemingMind.com"]
[Date "2006.03.24"]
[Round "-"]
[White "Magnanimous"]
[Black "gz4bkn"]
[Result "1-0"]
[WhiteCountry "CAN"]
[BlackCountry "USA"]
[WhiteElo "1425"]
[WhiteRD "89"]
[BlackElo "1304"]
[BlackRD "81"]
[GameID "43903"]

1. d4 d5 2. c4 Nf6 3. Nc3 Nc6 4. Bf4 dxc4 5. e4 e6 6. Bxc4 Qxd4 7. Qxd4 Nxd4 8. O-O-O Nc6 9. Bxc7 Bb4 10. Bb5 Bxc3
11. Bxc6+ Bd7 12. Bxb7 Nxe4 13. Bxa8 Nxf2 14. bxc3 Nxh1 15. Bc6 O-O 16. Rxd7 Nf2 17. Rd8 f5 18. Rxf8+ Kxf8 19. Bd6+ Kf7 20. c4 Kf6
21. c5 e5 22. Bd5 Ne4 23. Bxe4 fxe4 24. c6 Ke6 25. c7 Kd7 26. Bxe5 g6 27. Ne2 a5 28. Nc3 e3 29. Nb5 h5 30. Na7 Ke6
31. Bg3 Kd5 32. c8=Q e2 33. Qc6+ Kd4 34. Nb5+ Ke3 35. Qf3#
1-0

[Event "Hand by hand (mano a mano)"]
[Site "SchemingMind.com"]
[Date "2006.03.24"]
[Round "-"]
[White "dvaldez"]
[Black "gz4bkn"]
[Result "1-0"]
[WhiteCountry "CAN"]
[BlackCountry "USA"]
[WhiteElo "1880"]
[WhiteRD "86"]
[BlackElo "1304"]
[BlackRD "81"]
[GameID "43904"]

1. e4 e5 2. Nf3 Nc6 3. Bb5 Bc5 4. O-O Nge7 5. c3 a6 6. Ba4 d5 7. exd5 Nxd5 8. Nxe5 Bd7 9. Nxc6 Bxc6 10. Bxc6+ bxc6
11. Re1+ Kd7 12. Qg4+ Kd6 13. d4 Ba7 14. b3 Nf6 15. Ba3+ c5 16. dxc5+ Kc6 17. Qa4+ Kb7 18. c6+ Kc8 19. Qxa6+ Kb8 20. Qb7#
1-0

[Event "Hand by hand (mano a mano)"]
[Site "SchemingMind.com"]
[Date "2006.03.24"]
[Round "-"]
[White "griffimv"]
[Black "gz4bkn"]
[Result "1-0"]
[WhiteCountry "INT"]
[BlackCountry "USA"]
[WhiteElo "2070"]
[WhiteRD "81"]
[BlackElo "1304"]
[BlackRD "81"]
[GameID "43905"]

1. e4 e5 2. Nf3 Nc6 3. Bb5 a6 4. Ba4 d6 5. O-O b5 6. Bb3 Nf6 7. Re1 h6 8. c3 Be7 9. d4 O-O 10. a4 b4
11. d5 Nb8 12. cxb4 c6 13. Nc3 Bb7 14. Be3 Ng4 15. dxc6 Nxc6 16. Nd5 Nf6 17. Nxf6+ Bxf6 18. Bd5 Qd7 19. Qd2 Rfd8 20. Bb6 Rdc8
21. Rad1 Nd4 22. Bxd4 Bxd5 23. Nxe5 dxe5 24. Bc5 Qxa4 25. exd5 Rab8 26. Ra1 Qb5 27. Bd6 Rb7 28. Ra5 Qb6 29. Rc5 Qd8 30. Bxe5 Rxb4
31. Bxf6 gxf6 32. Rxc8 Qxc8 33. Qxb4 Qd7 34. Qe4 a5 35. Qe8+ Qxe8 36. Rxe8+ Kg7 37. d6 f5 38. d7 Kg6 39. d8=Q a4 40. Rg8+ Kh5
41. Qf6 a3 42. Qxf5+ Kh4 43. Rg4#
1-0

[Event "Hand by hand (mano a mano)"]
[Site "SchemingMind.com"]
[Date "2006.03.24"]
[Round "-"]
[White "iain"]
[Black "gz4bkn"]
[Result "0-1"]
[WhiteCountry "USA"]
[BlackCountry "USA"]
[WhiteElo "1230"]
[WhiteRD "76"]
[BlackElo "1304"]
[BlackRD "81"]
[GameID "43906"]

1. d4 Nc6 2. Nf3 d6 3. e4 Bg4 4. Be2 e5 5. dxe5 dxe5 6. O-O Nf6 7. Nc3 Bb4 8. Nd5 Nxe4 9. h3 Bh5 10. Nxb4 Nxb4
11. c3 Qxd1 12. Rxd1 Nc2 13. Rb1 f5 14. Rd5 O-O 15. Rxe5 Nd6 16. b3 Bg6 17. Ng5 Rfe8 18. Rxe8+ Rxe8 19. Bc4+ Nf7 20. Nxf7 Bxf7
21. Bxf7+ Kxf7 22. b4 Re1+ 23. Kh2 Na3 24. Ra1 Nc4 25. g4 Ne5 26. Bb2 Re2 27. Rb1 Rxf2+ 28. Kg3 Rc2 29. a4 Nd3 30. Ba1 Kf6
31. Rd1 f4+ 32. Kf3 Rf2+ 33. Ke4 Ne5 34. c4 Re2+ 35. Kd4 f3 36. Rf1 Ke6 37. b5 c5+ 38. Kc3 g6 39. a5 Ra2 40. Kb3 Rh2
41. Bxe5 Kxe5 42. Rxf3 Ke6 43. Rd3 h5 44. gxh5 gxh5 45. a6 b6 46. Re3+ Kf7 47. Kc3 h4 48. Kd3 Kf6 49. Ke4 Rd2 50. Rd3 Rxd3
51. Kxd3 Kf5 52. Ke3 Ke5 53. Kf3 Kd4 54. Kg4 Kxc4 55. Kxh4 Kd3 56. Kg3 c4 57. h4 c3
0-1

[Event "Hand by hand (mano a mano)"]
[Site "SchemingMind.com"]
[Date "2006.03.24"]
[Round "-"]
[White "PackoJones1000"]
[Black "gz4bkn"]
[Result "1-0"]
[WhiteCountry "ESP"]
[BlackCountry "USA"]
[WhiteElo "2139"]
[WhiteRD "71"]
[BlackElo "1265"]
[BlackRD "111"]
[GameID "43907"]

1. e4 e5 2. Nf3 Nc6 3. Bc4 Bc5 4. c3 Nf6 5. b4 Bxf2+ 6. Kxf2 Nxe4+ 7. Kg1 d5 8. Bb5 Qf6 9. d3 Nd6 10. Bxc6+ bxc6
11. Qe2 Ba6 12. Qxe5+ Qe7 13. Bf4 Bxd3 14. Qxg7 O-O-O 15. Qd4 Qe2 16. Nbd2 Nb5 17. Qc5 Rhg8 18. Bg3 Rg6 19. Re1 Qxe1+ 20. Nxe1 Be4
21. a4 Nd6 22. Qxa7 Kd7 23. Nb3
1-0

[Event "Hand by hand (mano a mano)"]
[Site "SchemingMind.com"]
[Date "2006.03.24"]
[Round "-"]
[White "BogusAurelius"]
[Black "gz4bkn"]
[Result "1-0"]
[WhiteCountry "USA"]
[BlackCountry "USA"]
[WhiteElo "1921"]
[WhiteRD "78"]
[BlackElo "1265"]
[BlackRD "111"]
[GameID "43908"]

1. e4 e5 2. Nf3 Nc6 3. Bb5 Bc5 4. c3 a6 5. Ba4 Nge7 6. O-O b5 7. Bb3 b4 8. d4 exd4 9. cxd4 Bb6 10. Bg5 O-O
11. a3 h6 12. Bh4 d6 13. h3 Be6 14. d5 Bxh3 15. dxc6 Bg4 16. Qd3 Qe8 17. Bxe7 Qxe7 18. axb4 Qf6 19. Nc3 Rfd8 20. Nd5 Qg6
21. Ne7+
1-0

[Event "Hand by hand (mano a mano)"]
[Site "SchemingMind.com"]
[Date "2006.03.24"]
[Round "-"]
[White "MatdeInverses"]
[Black "gz4bkn"]
[Result "1-0"]
[WhiteCountry "USA"]
[BlackCountry "USA"]
[WhiteElo "1898"]
[WhiteRD "52"]
[BlackElo "1265"]
[BlackRD "111"]
[GameID "43909"]

1. c4 Nc6 2. g3 Nf6 3. Bg2 b6 4. b4 d5 5. Nc3 e6 6. a3 Bb7 7. cxd5 exd5 8. Nh3 a5 9. b5 Na7 10. Nf4 Qd7
11. Qb3 Rd8 12. Bb2 Nc8 13. O-O c5 14. bxc6 Bxc6 15. a4 Bc5 16. d4 Bb4 17. Nd3 Be7 18. Ne5 Qe6 19. e4 O-O 20. Nxc6 Qxc6
21. exd5 Qd7 22. Rfe1 Bb4 23. Re5 Qb7 24. Ba3 Bxa3 25. Qxa3 Nd6 26. Rae1 Nc4 27. Qe7 Qb8 28. Ne4 Nxe5 29. dxe5 Nxd5 30. Qg5 f6
31. exf6 Nxf6 32. Nxf6+ Rxf6 33. Bd5+ Kh8 34. Re7 Rg6 35. Qh5 Qd6 36. Re5 Rh6 37. Re8+ Qf8 38. Rxf8+ Rxf8 39. Qe2 Rhf6 40. f4 g6
41. Kg2 Rd8 42. Qe5 Rf8 43. g4 h6 44. g5 hxg5 45. fxg5 Kg7 46. gxf6+ Rxf6 47. Qe7+ Kh6 48. Qxf6 Kh5 49. Bf7
1-0